Fr. Conceicao Rodrigues College of Engineering

Making (Record no. 35634)

MARC details
000 -LEADER
fixed length control field 00267nam a2200133Ia 4500
082 ## - DEWEY DECIMAL CLASSIFICATION NUMBER
Classification number 672
100 ## - MAIN ENTRY--PERSONAL NAME
Personal name McGannon/H/E
245 ## - TITLE STATEMENT
Title Making
260 ## - PUBLICATION, DISTRIBUTION, ETC.
Name of publisher, distributor, etc. United States Steel
Place of publication, distribution, etc. Pitsburgh
Date of publication, distribution, etc. 1971
300 ## - PHYSICAL DESCRIPTION
Extent 1420
546 ## - LANGUAGE NOTE
Language note ENGLISH
654 ## - SUBJECT ADDED ENTRY--FACETED TOPICAL TERMS
Focus term Steel
942 ## - ADDED ENTRY ELEMENTS (KOHA)
Koha item type BOOK
Holdings
Withdrawn status Lost status Damaged status Not for loan Collection Home library Current library Date acquired Source of acquisition Cost, normal purchase price Total Checkouts Full call number Barcode Date due Date last seen Date last checked out Cost, replacement price Price effective from Koha item type
        AFT Fr. Agnel's C.Rodrigues College of Engineering Fr. Agnel's C.Rodrigues- College of Engineering 17/03/2023 IBH 460.00 1 672 AFT1901 29/02/2012 12/06/2023 12/06/2023 460.00 17/03/2023 BOOK